Normal view
MARC view
- Das, Sajal K
Entry Personal Name
001 - CONTROL NUMBER
- control field: 103414
003 - CONTROL NUMBER IDENTIFIER
- control field: NUST
005 - DATE AND TIME OF LATEST TRANSACTION
- control field: 20221123124442.0
008 - FIXED-LENGTH DATA ELEMENTS
- fixed length control field: 221123|| aca||aabn | a|a d
040 ## - CATALOGING SOURCE
- Original cataloging agency: NUST
- Transcribing agency: NUST
100 ## - HEADING--PERSONAL NAME
- Personal name: Das, Sajal K
670 ## - SOURCE DATA FOUND
- Source citation: Work cat.: (NUST)181831: Das, Sajal K., Microwave signals and systems engineering /, 2000
